Catalog

Record Details

Catalog Search



A year of cut flowers : a life of growing and ... Read More

Raven, Sarah,(author.).
Buckley, Jonathan,(photographer.).

Available copies

  • 1 of 2 copies available at LARL/NWRL Consortium. (Show)
  • 1 of 2 copies available at Lake Agassiz Regional Library.

Current holds

0 current holds with 2 total copies.

Show Only Available Copies
Location Call Number / Copy Notes Barcode Shelving Location Status Due Date
Hawley Public Library 635.9 RAV (Text) 33500014383921 New Checked out 08/05/2026
Hendrum LINK Site 635.9 RAV (Text) 33500014383939 New Available -

Record details

  • ISBN: 9781526683427
  • ISBN: 1526683423
  • Physical Description: 447 pages : color illustrations ; 25 cm
  • Publisher: London : Bloomsbury, 2026.

Content descriptions

General Note:
Includes index.
Formatted Contents Note:
My first cutting patch -- Plant succession -- Form ... Read More
Summary, etc.:
Tips, tricks and everything you could possibly ... Read More
Subject: Flower gardening.
Cut flowers.
Floral decorations.
GARDENING / Flowers / Annuals.
Gardening.
Genre: Handbooks and manuals.
Illustrated works.
LDR 02839cam a2200625 i 4500
001485992
003LARL_NWRL_CONSORTIUM
00520260527140059.0
008251106s2026 enka e f 001 0 eng d
007ta
040 . ‡aUKYRK ‡beng ‡erda ‡cUKYRK ‡dOCLCO ‡dUKMGB ‡dOCLCO ‡dOCLCQ ‡dTOH ‡dNZAUC ‡dOCLCO ‡dIUO ‡dOCLCO ‡dRNL ‡dYEQ ‡dCLE
015 . ‡aGBC6005776 ‡2bnb
0167 . ‡a300666729 ‡2Uk
019 . ‡a1564448154
020 . ‡a9781526683427 ‡q(hbk.)
020 . ‡a1526683423
0248 . ‡aCIPO000321484
035 . ‡a(OCoLC)1564447525 ‡z(OCoLC)1564448154
072 7. ‡aGAR ‡2ukslc
08204. ‡a635.9 ‡223
1001 . ‡aRaven, Sarah, ‡eauthor. ‡1https://id.oclc.org/worldcat/entity/E39PBJqFMT48T6yVwCcRwdCPcP
24512. ‡aA year of cut flowers : ‡ba life of growing and arranging for all seasons / ‡cSarah Raven ; photographs by Jonathan Buckley.
24630. ‡aLife of growing and arranging for all seasons
264 1. ‡aLondon : ‡bBloomsbury, ‡c2026.
300 . ‡a447 pages : ‡bcolor illustrations ; ‡c25 cm
336 . ‡atext ‡btxt ‡2rdacontent
336 . ‡astill image ‡bsti ‡2rdacontent
337 . ‡aunmediated ‡bn ‡2rdamedia
338 . ‡avolume ‡bnc ‡2rdacarrier
500 . ‡aIncludes index.
5208 . ‡aTips, tricks and everything you could possibly wish to know about planning, growing and arranging your own cutting garden from the queen of cut flowers, Sarah Raven. Sarah shares the secrets she has evolved over decades at Perch Hill to keep cut flower production nearly constant, from the start of the growing year to the end. With her unparalleled expertise up your sleeve, you'll have a house full of flowers conditioned to last well in a vase, and an abundant garden always brimming with colour.
5050 . ‡aMy first cutting patch -- Plant succession -- Form -- Colour palettes -- Vase life -- January & February -- March -- April -- May -- June -- July -- August -- September -- October -- November & December.
650 0. ‡aFlower gardening. ‡0(LARL_NWRL_CONSORTIUM)20392
650 0. ‡aCut flowers. ‡0(LARL_NWRL_CONSORTIUM)18149
650 0. ‡aFloral decorations. ‡0(LARL_NWRL_CONSORTIUM)41401
650 7. ‡aGARDENING / Flowers / Annuals. ‡2bisacsh
650 7. ‡aGardening. ‡2ukslc ‡0(LARL_NWRL_CONSORTIUM)20961
655 7. ‡aHandbooks and manuals. ‡2lcgft
655 7. ‡aIllustrated works. ‡2lcgft
7001 . ‡aBuckley, Jonathan, ‡ephotographer. ‡1https://id.oclc.org/worldcat/entity/E39PCjvFHbvq4t3rPqyVHRrhh3 ‡0(LARL_NWRL_CONSORTIUM)135613
936 . ‡aBATCHLOAD
901 . ‡a485992 ‡bOCoLC ‡c485992 ‡tbiblio ‡sIngram On-Order

Additional Resources